000 00467nam a22001817a 4500
003 NUST - PNEC
005 20170116181135.0
008 151007b xxu||||| |||| 00| 0 eng d
020 _a0278000258
040 _cLIBRARY
082 _a657.48 LAU
100 _914264
_aLaughlin, Richard
245 _aFinancial accounting : method and meaning
_cRichard Laughlin
250 _a-
260 _c1988
650 _912970
_aAccounting
_xMIS, MS COMM
942 _2ddc
_cBK
999 _c70206
_d70206